| 000 | 01386nam a2200325 i 4500 | ||
|---|---|---|---|
| 003 | EG-GICUC | ||
| 005 | 20260419212357.0 | ||
| 008 | 260419s1884 fr |||f |||| 00| 0 fre d | ||
| 040 |
_aEG-GICUC _cEG-GICUC _dEG-GICUC _bfre _erda |
||
| 041 | 0 | _afre | |
| 082 | 0 | 4 |
_a343.452 _221 |
| 092 | 0 | 4 | _221 |
| 099 | _aLaw1 10 343.452 FA . T 1884 B1009192 C1 | ||
| 100 | 1 |
_aFabreguettes, M. P. _eAuteur |
|
| 245 | 1 | 0 |
_aTraite Des Infractions De La Parole De L'éCriture Et De La Presse. _nTome Deuxième / _cM. P. Fabreguettes. |
| 264 | 0 |
_aParis : _bLibrairie A. Marescq Ainé, _c1884. |
|
| 300 |
_a590 pages _c30 cm |
||
| 336 |
_atexte _2rda contenu |
||
| 337 |
_aOrdinateur _2rda medias |
||
| 338 |
_aRessource en ligne _2transporteur rda |
||
| 500 | _aRenfermant, avec le dernier état de la jurisprudence, le commentaire general et complet des lois du 29 juillet 1881, aout 1882; du projet de loi vote en premiere lecture le 16 fevrier 1884, ainsi que tous les textes du code pénal ou des lois spéciales se rattachant aux délits et contraventions de la parole, de l'écriture et de la presse | ||
| 504 | _aComprend des références bibliographiques. | ||
| 546 | _aTexte en français | ||
| 650 | 0 | 4 |
_aDroit pénal _2qrmak |
| 651 | 1 | _2qrmak | |
| 856 | _uhttps://fll.law.cu.edu.eg/fulltext/th/B10-09192.pdf | ||
| 900 | _b01-01-2023 | ||
| 905 | _a162 | ||
| 942 |
_2ddc _cBK _e21 _n0 |
||
| 999 |
_c72050 _d72050 |
||